| 000 | 00686nam a22001937a 4500 | ||
|---|---|---|---|
| 999 |
_c20513 _d20513 |
||
| 003 | AR-CdUCM | ||
| 008 | 190530b ||||| |||| 00| 0 spa d | ||
| 040 |
_aMUNICIPALIDAD PROVINCIAL DEL CUSCO _cBIBLIOTECA MUNICIPAL DEL CUSCO |
||
| 082 |
_2633.174 / _aW21 |
||
| 100 |
_aWallace, Joseph S. _942873 |
||
| 245 | _aProducción y usos del sorgo / | ||
| 260 |
_aMéxico, D.F : _bCentro Regional de Ayuda Técnica, _c1975. |
||
| 300 |
_a399 páginas , _c28 cm. _bDiagrs. |
||
| 505 | _aContenido: La planta y el grano de sorgo -- Producción de sorgo -- el sorgo en diferentes paises... | ||
| 650 |
_aSorgo _942874 |
||
| 650 |
_aCultivo _919546 |
||
| 942 |
_2ddc _cLIBROS |
||
| 945 | _aJavier | ||